000 00844nam0a22002291 4500
001 v19\rc\1223843
005 20260406235141.0
035 _a(NLR Aleph) 004385574
090 _a3683599
_c3683599
100 _a20060306d1877 |||y0rusy50 ca
101 0 _arus
102 _aRU
105 _ay z |||||
200 1 _aВыписка из журнала Конкурсного управления по делам несостоятельного должника В.Я. Фохтса от 10 октября 1877 г.
_eСт. 2
210 _a[Санкт-Петербург]
_dценз. 1877
215 _a1 с.
710 0 2 _aПетербургское конкурсное управление
_3RU\NLR\AUTH\889988925
_9473414
801 0 _aRU
_bNLR
_gpsbo
801 1 _aRU
_bProSoft-M
_2rusmarc
852 _aNLR
_j18.98.7.435
942 _cBOOK
980 _aNB